Masmédiá, moc, etika

Bibliographic Details
Main Authors: Seilerová, Božena, 1940- (Author), Seiler, Vladimír, 1933- (Author)
Format: Article
Language:Slovak
ISSN:1335-2741
Subjects:

MARC

LEADER 00000nab a2200000 a 4500
001 vtls000767125
003 SK-MaSNL
005 20260305022810.0
008 250429c2001 xo 0 slo
015 |a SNBRB2001/09-25666 
035 |a CLN000118912 
035 |a urn:nbn:sk:snk-ab75hz 
035 |a (uuid)9d384e8a-5688-4a4c-a341-d85e5ce0de5d 
035 |a (urnnbn)urn:nbn:sk:snk:ar-a06zds 
035 |a (sysno)vtls000767125 
040 |a SNKBUCL  |b slo  |c SNKBUCL  |e AACR2 
041 0 |a slo 
044 |a xo  |c SK 
080 |a 17.02:32:659.3  |2 1997 
080 |a 659.3:17.02:32  |2 1997 
100 1 |a Seilerová, Božena,  |d 1940-  |4 aut  |9 215204 
245 1 0 |a Masmédiá, moc, etika  |c Božena Seilerová, Vladimír Seiler 
504 |a Bibliogr. odkazy 
504 |a Res. angl. 
650 0 7 |a politická moc  |2 snkbucl  |9 4438 
650 0 7 |a etika  |2 snkbucl  |9 792 
650 0 7 |a médiá  |2 snkbucl  |9 1424 
700 1 |a Seiler, Vladimír,  |d 1933-  |4 aut  |9 215201 
773 0 |t Politické vedy  |g Roč. 4, č. 2 (2001), s. 181-192  |x 1335-2741 
850 |a Slovenská národná knižnica 
852 |a Slovenská národná knižnica 
954 |a odborná, vedecká literatúra pôvodná (slovenská)  |2 lita 
958 |a article27 
958 |a NB 
958 |a OND 
958 |a EUIPO 
999 |c 3292799  |d 3294729